| 000 | 00524nam a2200193Ia 4500 | ||
|---|---|---|---|
| 001 | 58527 | ||
| 008 | 150508n ii |||gr||||Z||||||asm | ||
| 020 | _a978-93-244-0040-6 | ||
| 082 | _a891.4117 | ||
| 100 | _aNeog ,Maheswar (Edited). | ||
| 245 | 0 |
_aGuru-Carita-Katha _cMaheswar Neog (Edited) _hTextual Documents |
|
| 250 | _a4th Rev Edn--2012. | ||
| 260 |
_aGuwahati _bChandra Prakash |
||
| 300 |
_a635pg: _c23cm. |
||
| 653 | _aAssamese | ||
| 653 | _aDeptt-Assamese | ||
| 653 | _aGuru- Carita -Katha | ||
| 942 |
_2ddc _cBK |
||
| 999 |
_c58420 _d58420 |
||